Načítá se...

Aksharathettu/

Podrobná bibliografie
Hlavní autor: Kunjunni
Médium: Printed Book
Vydáno: Thiruvananthapuram: State Institute of Childrens' Literature, 1999.
Témata:
LEADER 00578nam a22001571a 4500
082 |a M080 928 2  |b KUN/A 
100 |a Kunjunni  |9 156355 
245 |a Aksharathettu/  |c by Kunjunni 
260 |a Thiruvananthapuram:  |b State Institute of Childrens' Literature,  |c 1999. 
300 |a 86p. 
650 |a Children's Literature Malayalam  |9 156356 
650 |a Literature Malayalam  |9 156357 
650 |a Literature  |9 156358 
942 |c BK 
999 |c 1610  |d 1610 
952 |0 0  |1 0  |4 0  |6 M_080_928200000000000_KUN_A  |7 0  |9 2537  |a SSUS  |b SSUS  |d 2015-01-08  |g 34.00  |o M080 9282 KUN/A  |p 015904  |r 2015-01-08  |v 0.00  |w 2015-01-08  |y BK